Sports Quiz

Random Sports or Football Quiz

Allsvenskan Winners 1896-2016 Quiz Stats

Quiz not verified by Sporcle

Challenge
Share
Tweet
Embed
Score 0/116 Timer 08:00
0 Plays Today
Hint Team % Correct
1933Helsingborgs IF
96.7%
1934Helsingborgs IF
96.7%
1941Helsingborgs IF
96.7%
1999Helsingborgs IF
96.7%
2011Helsingborgs IF
96.7%
1900AIK
95.6%
1901AIK
95.6%
1911AIK
95.6%
1914AIK
95.6%
1916AIK
95.6%
1923AIK
95.6%
1932AIK
95.6%
1937AIK
95.6%
1992AIK
95.6%
1998AIK
95.6%
2009AIK
95.6%
1944Malmö FF
91.2%
1949Malmö FF
91.2%
1950Malmö FF
91.2%
1951Malmö FF
91.2%
1953Malmö FF
91.2%
1965Malmö FF
91.2%
1967Malmö FF
91.2%
1970Malmö FF
91.2%
1971Malmö FF
91.2%
1974Malmö FF
91.2%
1975Malmö FF
91.2%
1977Malmö FF
91.2%
1986Malmö FF
91.2%
1988Malmö FF
91.2%
2001Hammarby IF
91.2%
2004Malmö FF
91.2%
2010Malmö FF
91.2%
2013Malmö FF
91.2%
2014Malmö FF
91.2%
2016Malmö FF
91.2%
1908IFK Göteborg
90.1%
1910IFK Göteborg
90.1%
1912Djurgårdens IF
90.1%
Hint Team % Correct
1915Djurgårdens IF
90.1%
1917Djurgårdens IF
90.1%
1918IFK Göteborg
90.1%
1920Djurgårdens IF
90.1%
1935IFK Göteborg
90.1%
1942IFK Göteborg
90.1%
1943IFK Norrköping
90.1%
1945IFK Norrköping
90.1%
1946IFK Norrköping
90.1%
1947IFK Norrköping
90.1%
1948IFK Norrköping
90.1%
1952IFK Norrköping
90.1%
1955Djurgårdens IF
90.1%
1956IFK Norrköping
90.1%
1957IFK Norrköping
90.1%
1958IFK Göteborg
90.1%
1959Djurgårdens IF
90.1%
1960IFK Norrköping
90.1%
1962IFK Norrköping
90.1%
1963IFK Norrköping
90.1%
1964Djurgårdens IF
90.1%
1966Djurgårdens IF
90.1%
1969IFK Göteborg
90.1%
1982IFK Göteborg
90.1%
1983IFK Göteborg
90.1%
1984IFK Göteborg
90.1%
1987IFK Göteborg
90.1%
1989IFK Norrköping
90.1%
1990IFK Göteborg
90.1%
1991IFK Göteborg
90.1%
1993IFK Göteborg
90.1%
1994IFK Göteborg
90.1%
1995IFK Göteborg
90.1%
1996IFK Göteborg
90.1%
2002Djurgårdens IF
90.1%
2003Djurgårdens IF
90.1%
2005Djurgårdens IF
90.1%
2007IFK Göteborg
90.1%
2008Kalmar FF
90.1%
Hint Team % Correct
2015IFK Norrköping
90.1%
1936IF Elfsborg
89%
1939IF Elfsborg
89%
1940IF Elfsborg
89%
1961IF Elfsborg
89%
1976Halmstads BK
89%
1979Halmstads BK
89%
1997Halmstads BK
89%
2000Halmstads BK
89%
2006IF Elfsborg
89%
2012IF Elfsborg
89%
1896Örgryte IS
85.7%
1897Örgryte IS
85.7%
1898Örgryte IS
85.7%
1899Örgryte IS
85.7%
1902Örgryte IS
85.7%
1904Örgryte IS
85.7%
1905Örgryte IS
85.7%
1906Örgryte IS
85.7%
1907Örgryte IS
85.7%
1909Örgryte IS
85.7%
1913Örgryte IS
85.7%
1985Örgryte IS
85.7%
1919GAIS
79.1%
1922GAIS
79.1%
1931GAIS
79.1%
1954GAIS
79.1%
1968Östers IF
75.8%
1978Östers IF
75.8%
1980Östers IF
75.8%
1981Östers IF
75.8%
1972Åtvidabergs FF
68.1%
1973Åtvidabergs FF
68.1%
1938IK Sleipner
35.2%
1925Brynäs IF
24.2%
1924Fässbergs IF
15.4%
1921IFK Eskilstuna
13.2%
1903Göteborgs IF
7.7%

You're not logged in!

Compare scores with friends on all Sporcle quizzes.
Join for Free
OR
Log In

You Might Also Like...

Show Comments

Extras

Top Quizzes Today


Score Distribution

Your Account Isn't Verified!

In order to create a playlist on Sporcle, you need to verify the email address you used during registration. Go to your Sporcle Settings to finish the process.

Report this User

Report this user for behavior that violates our Community Guidelines.

Details: